Вычислительная техника: терминология; справочное пособие

書誌詳細
その他の著者: Селиванов Ю. П. (редактор)
言語:ロシア語
出版事項: Москва, Изд-во стандартов, 1989-
フォーマット: MixedMaterials 図書
KOHA link:https://koha.lib.tpu.ru/cgi-bin/koha/opac-detail.pl?biblionumber=256590

MARC

LEADER 00000nam1a2200000 4500
001 256590
005 20231031215557.0
010 |a 0000000000 
035 |a (RuTPU)RU\TPU\book\279302 
090 |a 256590 
100 |a 20140410d1989 k y0rusy50 ca 
101 0 |a rus 
102 |a RU 
200 1 |a Вычислительная техника  |e терминология  |e справочное пособие  |f под ред. Ю. П. Селиванова 
210 |a Москва  |c Изд-во стандартов  |d 1989- 
702 1 |a Селиванов  |b Ю. П.  |4 340 
801 1 |a RU  |b 63413507  |c 20140410 
942 |c BK